35山口県の市町村(選択形式) - Statistics

General Stats
  • This quiz has been taken 32 times
  • The average score is 16 of 19
Answers on the Map
Answers color-coded by a green-red scale on the quiz's map according to % correct below.
 
Answer Stats
Answer % Correct
03:山口市
100%
01:下関市
96%
07:岩国市
96%
09:長門市
96%
02:宇部市
93%
04:萩市
93%
05:防府市
93%
11:美祢市
93%
12:周南市
93%
13:山陽小野田市
93%
19:阿武町
93%
06:下松市
85%
14:周防大島町
81%
16:上関町
81%
10:柳井市
78%
15:和木町
78%
08:光市
74%
17:田布施町
74%
18:平生町
56%
No matching quizzes found
Score Distribution
Percent of People with Each Score
Percentile by Number Answered
Your Score History
You have not taken this quiz